000 00680nam a2200205 a 4500
005 20260408063913.0
008 060216s2003 mx r 000 0 spa d
020 _a8497540964
035 _aUPN01000142433
049 _aCG
050 4 _aHQ770.5
_bM3.2
100 1 _aMackonochie, Alison
245 1 0 _aAdiós a los pañales :
_buna guía práctica para un hecho cotidiano /
_cAlison Mackonochie ; tr. Joan Carles Guix.
260 _aBarcelona, Esp. :
_bOniro,
_c2003.
300 _a96 p. :
_bil.
534 _pTítulo original:
_tPee, poop and potty training
650 4 _aAseo personal
_xEstudio y enseñanza
_9670
650 4 _aESFINTERES, CONTROL DE
_921867
905 _aLibro
999 _c114580
_d114580